000
00273nam a22001217a 4500
008
170309b xxu||||| |||| 00| 0 eng d
041
_a
eng
080
_2
2 ED
_a
611
100
_a
6
101
_a
SHM
245
_a
PHYSIOLOGY OF NERVOUS SYSTEM
_c
EYZAGUIRRE.C
942
_2
udc
_c
BK
999
_c
7306
_d
7306